Determinación de estructuras orgánicas / (Registro nro. 280280)

Detalles MARC
000 -LEADER
fixed length control field 01923nam a2200457Ii 4500
001 - CONTROL NUMBER
control field DIGRVRT0461
003 - CONTROL NUMBER IDENTIFIER
control field NyNyDIG
006 - FIXED-LENGTH DATA ELEMENTS--ADDITIONAL MATERIAL CHARACTERISTICS
fixed length control field m o d
007 - PHYSICAL DESCRIPTION FIXED FIELD--GENERAL INFORMATION
fixed length control field cr |||||||||||
008 - FIXED-LENGTH DATA ELEMENTS--GENERAL INFORMATION
fixed length control field 231002s2023 sp a o 001 0 spa d
035 ## - SYSTEM CONTROL NUMBER
System control number (OCoLC)1401829437
040 ## - CATALOGING SOURCE
Original cataloging agency DGITA
Language of cataloging eng
Description conventions rda
-- pn
Transcribing agency DGITA
020 ## - INTERNATIONAL STANDARD BOOK NUMBER
International Standard Book Number 9788429191912
Qualifying information pdf
020 ## - INTERNATIONAL STANDARD BOOK NUMBER
Canceled/invalid ISBN 9788429174694
Qualifying information papel
041 1# - LANGUAGE CODE
Language code of text/sound track or separate title spa
Language code of original eng
050 14 - LIBRARY OF CONGRESS CALL NUMBER
Classification number QD476 ebook
082 04 - DEWEY DECIMAL CLASSIFICATION NUMBER
Classification number 547.12
Edition number 23
100 1# - MAIN ENTRY--PERSONAL NAME
Personal name Pasto, Daniel J.,
Dates associated with a name 1936-
Relator term author.
240 10 - UNIFORM TITLE
Uniform title Organic structure determination.
Language of a work Spanish
Version (Areal Guerra and Tomás Romagosa)
245 10 - TITLE STATEMENT
Title Determinación de estructuras orgánicas /
Statement of responsibility, etc. Daniel J. Pasto, Carl.R. Johnson ; versión española por R. Areal Guerra y J. Tomás Romagosa.
264 #1 - PRODUCTION, PUBLICATION, DISTRIBUTION, MANUFACTURE, AND COPYRIGHT NOTICE
Place of production, publication, distribution, manufacture Barcelona :
Name of producer, publisher, distributor, manufacturer Editorial Reverté,
Date of production, publication, distribution, manufacture, or copyright notice 2023.
300 ## - PHYSICAL DESCRIPTION
Extent 1 online resource :
Other physical details illustrations.
336 ## - CONTENT TYPE
Content type term text
Content type code txt
Source rdacontent
337 ## - MEDIA TYPE
Media type term computer
Media type code c
Source rdamedia
338 ## - CARRIER TYPE
Carrier type term online resource
Carrier type code cr
Source rdacarrier
347 ## - DIGITAL FILE CHARACTERISTICS
File type text file
Source rdaft
347 ## - DIGITAL FILE CHARACTERISTICS
Encoding format PDF
500 ## - GENERAL NOTE
General note Includes index.
588 0# - SOURCE OF DESCRIPTION NOTE
Source of description note Online resource; title from PDF title page (Digitalia, viewed October 2, 2023)
650 #0 - SUBJECT ADDED ENTRY--TOPICAL TERM
Topical term or geographic name entry element Physical organic chemistry.
700 1# - ADDED ENTRY--PERSONAL NAME
Personal name Johnson, Carl R.,
Dates associated with a name 1937-
Relator term author.
700 1# - ADDED ENTRY--PERSONAL NAME
Personal name Areal Guerra, R.,
Relator term translator.
700 1# - ADDED ENTRY--PERSONAL NAME
Personal name Tomás Romagosa, J.,
Relator term translator.
700 1# - ADDED ENTRY--PERSONAL NAME
Relationship information Translation of:
Personal name Pasto, Daniel J.,
Dates associated with a name 1936-
Title of a work Organic structure determination.
791 2# -
-- Digitalia (Firm),
-- distributor.
793 0# -
-- Digitalia eBook Collection:
-- Editorial Reverté
776 08 - ADDITIONAL PHYSICAL FORM ENTRY
Relationship information Print version:
Main entry heading Pasto, Daniel J., 1936-
Uniform title Organic structure determination. Spanish (Areal Guerra and Tomás Romagosa).
Title Determinación de estructuras orgánicas.
Place, publisher, and date of publication Barcelona : Editorial Reverté, 1981
International Standard Book Number 9788429174694
856 40 - ELECTRONIC LOCATION AND ACCESS
Materials specified Digitalia Hispánica
Uniform Resource Identifier <a href="https://www.digitaliapublishing.com/a/129394/">https://www.digitaliapublishing.com/a/129394/</a>
910 ## - USER-OPTION DATA (OCLC)
User-option data Premium collection: 2023
942 ## - ADDED ENTRY ELEMENTS (KOHA)
Koha item type Recurso Electrónico
Existencias
Withdrawn status Lost status Damaged status Not for loan Collection Home library Current library Date acquired Total checkouts Date last seen Price effective from Koha item type
        Digitalia Ebooks Hispanica Biblioteca Digital UIN Biblioteca Digital UIN 04/25/2025   04/25/2025 04/25/2025 Recurso Electrónico

CONTACTO


NOSOTROS


SITIOS DE INTERES

coordinacion.biblioteca.biblioteca@unienlinea.mx Misión, Visión y Objetivos Bases de datos
Directorio Bibliotecas Digitales y Repositorios
Normatividad Revistas y artículos
Convenios interbibliotecarios
Boletines



Hecho en México. Universidad Insurgentes (UIN). Todos los derechos reservados 2024. Esta página y sus contenidos pueden ser reproducidos con fines no lucrativos, siempre y cuando no se mutile, se cite la fuente completa y su dirección electrónicas. De otra forma requiere permiso previo por escrito de la institución




2024 Copyright Universidad Insurgentes | www.bibliouin.com.mx